000 01095nam0a2200301 4500
001 RU\NLR\bibl\191107
005 20250619085830.0
010 _a5-86953-050-4
_9200
021 _aRU
_b2000-52864
_92443
035 _a(NLR Aleph) 000187626
090 _a1084351
_c1084351
100 _a20011010d1998 |||y0rusy50 ca
101 0 _arus
102 _aRU
105 _ac |||||||||
200 1 _aРазрешите командовать парадом...
_e[Поэма о разведчике Н.И. Кузнецове]
_fА. Половинкин
210 _aВладимир
_cПосад
_d1998
215 _a91 с.
_cпортр.
_d21
600 1 _aКузнецов
_bН.И.
_f1911 - 1944
_gНиколай Иванович
_xв художественной литературе
_91410125
_3RU\NLR\auth\66594075
686 _aЦ35(2)722.9-424дКузнецов
686 _aШ6(2=Р)75-51
700 1 _aПоловинкин
_bА.
_4070
801 0 _aRU
_bNLR
_c20011010
_gPSBO
801 1 _aRU
_bNLR
_c20011010
942 _cBOOK
980 _aNB